| 000 -LEADER |
| fixed length control field |
00895pab a2200157 454500 |
| 008 - FIXED-LENGTH DATA ELEMENTS--GENERAL INFORMATION |
| fixed length control field |
180718b2005 xxu||||| |||| 00| 0 eng d |
| 100 ## - MAIN ENTRY--PERSONAL NAME |
| Personal name |
Garg, R.B.L. |
| 245 ## - TITLE STATEMENT |
| Title |
Contract farming: an overview |
| 260 ## - PUBLICATION, DISTRIBUTION, ETC. |
| Date of publication, distribution, etc. |
2005 |
| 300 ## - PHYSICAL DESCRIPTION |
| Extent |
p.42-43. |
| 362 ## - DATES OF PUBLICATION AND/OR SEQUENTIAL DESIGNATION |
| Dates of publication and/or sequential designation |
Apr |
| 520 ## - SUMMARY, ETC. |
| Summary, etc. |
Contract farming is a new model and would be a entirely new experience. The factors determining success of such a model vis-a-vis other models would depend, among others on type of crop, intensity of technology, length of value chain, and the stage of market evolution. Needless to say, value-based corporate involvement would bring to agriculture all the capabilities of good business practices. The future landmarks would be ISI certification and organic agriculture practices towards developing international markets for local produce. - Reproduced. |
| 650 ## - SUBJECT ADDED ENTRY--TOPICAL TERM |
| Topical term or geographic name entry element |
Agriculture |
| 773 ## - HOST ITEM ENTRY |
| Main entry heading |
Kurukshetra |
| 909 ## - |
| -- |
64713 |